| 000 | 00551nam a2200181 a 4500 | ||
|---|---|---|---|
| 005 | 20240910064106.0 | ||
| 008 | 991125 1987 mx 000 0 spa u | ||
| 035 | _aUPN01000015331 | ||
| 049 | _aCG | ||
| 050 | 4 |
_aHD9000.5 _aS2.2 |
|
| 100 | 1 | _aSalinas de Gortari, Raúl | |
| 245 | 1 | 0 |
_aDiconsa en la modernización comercial y la regulación del abasto popular / _cRaúl Salinas de Gortari. |
| 260 |
_aMéxico : _bCONASUPO, _c1987. |
||
| 300 | _a191 p. | ||
| 650 | 4 |
_aALIMENTOS - _xABASTECIMIENTO _92218 |
|
| 650 | 4 |
_aAlimentos _92191 |
|
| 905 | _aLibro | ||
| 999 |
_c15331 _d15331 |
||